000 00340nam a22001457a 4500
008 210311b ||||| |||| 00| 0 eng d
020 _a9780130909954
041 _aeng
080 _23rd
_a338
082 _a338
100 _a53
101 _aMAT
245 _aEntrepreneurship Strategies and Resources
_cDollinger,M.J
942 _2udc
_cBK
999 _c56297
_d56297